| 000 | 00446nam a22001697a 4500 | ||
|---|---|---|---|
| 003 | LK-CoMWRAF | ||
| 005 | 20230909164828.0 | ||
| 008 | 230909b1995 |||||||| |||| 00| 0 eng d | ||
| 040 |
_aLK-CoMWRAF _dLK-CoMWRAF _eLK-CoMWRAF |
||
| 041 | _aeng | ||
| 082 |
_a823 _bARA |
||
| 100 |
_aArab, Zahra Seyyed _vEbrahimi, Kobra |
||
| 245 | _aGolrokh and her grandmother | ||
| 260 |
_aTehran : _bSoroush press, _c1995 |
||
| 650 | _aShort stories | ||
| 942 | _cBK | ||
| 999 |
_c3516 _d3516 |
||